000
00275nam a2200133Ia 4500
100
_a
Siegal Charles
942
_c
BK
654
_a
Computer
245
_a
Mastering Fox Pro 2.5
260
_b
BPB Pub
_a
New Delhi
_c
1994
082
_a
5.7565
546
_a
ENGLISH
999
_c
28563
_d
28563